00497nam a2200193 a 4500001001300000003000900013005001700022008004100039020000800080082001500088100002500103245003800128260003600166300000900202500003500211505001200246650002000258700002500278nice12345678IN_TiNIC20260116011611.0050524s1965 deoa grp 000 0 urd  ac300a297.8bASH aAshraf, Abdur Rahman aKya Jamaat-E-Islami Haqq Par Hai? aDeobandbMaktaba Taiyyabac1965 a256p aincludes index and biblioraphy2 aIndexes aJamaat-E-Islami1 aAshraf, Abdur Rahman